000 00700cam a22002531a 4500
001 19731
003 BD-RjUL
005 20211209000453.0
008 140225s1951 enk 1 eng d
035 _a(BD-RjUL)19792
035 _a(BD-RjUL)
040 _aNUN
_beng
_cNUN
_dNU
041 _aeng
082 0 4 _a821.5
_bDIC 1951
100 1 _aDiaper, William -
_960638
245 1 4 _aThe complete works of William Diaper /
_ced. with an intro. by D.Broughton.
260 _aLond. :
_bRoutledge,
_c1951.
300 _alxxvii,362p. ;
_c15cm.
650 0 _aCollections.
_960639
700 1 _aBroughton, Dorothy
_960640
942 _2ddc
_cBK
999 _c19731
_d19731